000 00368nam a22001457a 4500
008 220121b ||||| |||| 00| 0 eng d
020 _a9789386062390
050 _aPN1993.5.I8
_b1
082 _a791
_b1
100 _aViswamohan Iqbal Aysha
_97517
245 _aBehind the Scenes
260 _aNew Delhi
_bSAGE Publications
_c2017
300 _a392.P
942 _2ddc
_cBK
999 _c11943
_d11943